Sports Quiz

Random Sports or Football Quiz

Most Common Opponents: Arkansas football Quiz Stats

 Plays Quiz not verified by Sporcle

Challenge
Share
Tweet
Embed
Score 0/30 Timer 06:00
0 Plays Today
Games Played Opponent % Correct
77Texas Longhorns
98%
59LSU Tigers
96.6%
24Alabama Crimson Tide
96.6%
60Ole Miss Rebels
95.2%
10Florida Gators
95%
70Texas A&M Aggies
93.8%
23Auburn Tigers
93.2%
17Tennessee Volunteers
91.6%
24Mississppi State Bulldogs
91.1%
15Oklahoma Sooners
89.9%
22South Carolina Gamecocks
89.7%
13Georgia Bulldogs
89.4%
5Missouri Tigers
87.7%
7Kentucky Wildcats
86.5%
35Texas Tech Red Raiders
85.7%
Games Played Opponent % Correct
9Vanderbilt Commodores
85.6%
70Baylor Bears
79.9%
68TCU Horned Frogs
77.6%
73SMU Mustangs
76.8%
46Oklahoma State Cowboys
73.9%
67Rice Owls
71.6%
18Houston Cougars
68.5%
5Kansas State Wildcats
60.6%
72Tulsa Golden Hurricane
55.9%
5USC Trojans
55%
5Louisiana-Lafayette Ragin' Cajuns
52.6%
10Louisiana-Monroe Warhawks
51.7%
5Memphis Tigers
51.6%
9North Texas Mean Green
34.8%
5New Mexico State Aggies
18.2%

You're not logged in!

Compare scores with friends on all Sporcle quizzes.
OR
Log In

You Might Also Like...

Show Comments

Extras

Top Quizzes Today


Score Distribution

Your Account Isn't Verified!

In order to create a playlist on Sporcle, you need to verify the email address you used during registration. Go to your Sporcle Settings to finish the process.

Report this User

Report this user for behavior that violates our Community Guidelines.

Details: